The evolution of the small bodies of the solar system (Record no. 9215)

MARC details
000 -LEADER
fixed length control field 00780nam a2200241Ia 4500
003 - CONTROL NUMBER IDENTIFIER
control field IN-BaIIA
008 - FIXED-LENGTH DATA ELEMENTS--GENERAL INFORMATION
fixed length control field 211028s9999 xx 000 0 eng d
020 ## - INTERNATIONAL STANDARD BOOK NUMBER
International Standard Book Number 0-444-87035-0
040 ## - CATALOGING SOURCE
Transcribing agency IIA Library
080 ## - UNIVERSAL DECIMAL CLASSIFICATION NUMBER
Universal Decimal Classification number 063:53
Item number ENF-98
245 #4 - TITLE STATEMENT
Title The evolution of the small bodies of the solar system
Statement of responsibility, etc. edited by M. Fulchignoni and L. Kresak
260 ## - PUBLICATION, DISTRIBUTION, ETC.
Place of publication, distribution, etc. Amsterdam
Date of publication, distribution, etc. 1987
300 ## - PHYSICAL DESCRIPTION
Extent xii, 307p.
490 ## - SERIES STATEMENT
Series statement Proceedings of the International School of Physics Enrico Fe
650 ## - SUBJECT ADDED ENTRY--TOPICAL TERM
Topical term or geographic name entry element Asteroids
9 (RLIN) 4064
650 ## - SUBJECT ADDED ENTRY--TOPICAL TERM
Topical term or geographic name entry element Astronomy and Astrophysics Thesaurus
650 ## - SUBJECT ADDED ENTRY--TOPICAL TERM
Topical term or geographic name entry element Comets
9 (RLIN) 755
650 ## - SUBJECT ADDED ENTRY--TOPICAL TERM
Topical term or geographic name entry element Planets
9 (RLIN) 971
650 ## - SUBJECT ADDED ENTRY--TOPICAL TERM
Topical term or geographic name entry element Solar System
700 ## - ADDED ENTRY--PERSONAL NAME
Personal name Fulchignoni, M., ed.
9 (RLIN) 15482
700 ## - ADDED ENTRY--PERSONAL NAME
Personal name Kresak, L., ed.
9 (RLIN) 15483
942 ## - ADDED ENTRY ELEMENTS (KOHA)
Koha item type Books
Holdings
Withdrawn status Lost status Source of classification or shelving scheme Damaged status Not for loan Home library Current library Shelving location Date acquired Cost, normal purchase price Total Checkouts Full call number Barcode Date last seen Cost, replacement price Price effective from Koha item type Purchase Price
    Dewey Decimal Classification     IIA Library-Bangalore IIA Library-Bangalore General Stacks   1276.50   063:53/ ENF-98 10121 05/11/2021 1276.50   Books Rs. 1276.50

Powered by Koha